[Event "PRO League Group Stage"]
[Site "chess.com INT"]
[Date "2019.02.14"]
[Round "6"]
[White "Sargsyan, Shant"]
[Black "Afanasiev, Nikita"]
[Result "1-0"]
[WhiteTitle "IM"]
[BlackTitle "FM"]
[WhiteElo "2486"]
[BlackElo "2508"]
[WhiteTeam "Armenia Eagles"]
[BlackTeam "Moscow Phoenix"]
[WhiteFideId "13306766"]
[BlackFideId "24183555"]
[EventDate "2019.01.08"]

1. e4 e5 2. Nf3 Nc6 3. d4 exd4 4. Nxd4 Bc5 5. Nb3 Bb6 6. Nc3 Nf6 7. Qe2 O-O 8.
Bg5 h6 9. Bh4 Nd4 10. Qd3 Nxb3 11. axb3 Re8 12. O-O-O c6 13. f3 Qe7 14. Kb1 d5
15. exd5 Rd8 16. d6 Qe5 17. Ne4 Bf5 18. Nxf6+ gxf6 19. Qd2 Kg7 20. Bg3 Qc5 21.
Bd3 Rd7 22. Bf2 Qd5 23. Qf4 Be6 24. Bh4 Qe5 25. Qxe5 fxe5 26. Bc4 Bxc4 27. bxc4
f6 28. b4 c5 29. f4 Re8 30. Rd5 cxb4 31. c5 Bd8 32. Re1 e4 33. f5 e3 34. Bg3 Re4
35. Rd3 Kf7 36. Rdxe3 Rc4 37. Re8 Rxc5 38. Rh8 Kg7 39. Ree8 Bb6 40. Rhg8+ Kh7
41. Rg4 Bd8 42. Rge4 Kg7 43. R8e7+ Bxe7 44. dxe7 Rc8 45. e8=Q Rxe8 46. Rxe8 Kf7
47. Rh8 Kg7 48. Ra8 b6 49. Rc8 Kf7 50. Rc7 Ke7 51. Kb2 1-0

[Event "PRO League Group Stage"]
[Site "chess.com INT"]
[Date "2019.02.14"]
[Round "6"]
[White "Sargsyan, Anna M."]
[Black "Bivol, Alina"]
[Result "1-0"]
[WhiteTitle "WFM"]
[BlackTitle "WGM"]
[WhiteElo "2339"]
[BlackElo "2393"]
[WhiteTeam "Armenia Eagles"]
[BlackTeam "Moscow Phoenix"]
[WhiteFideId "13308130"]
[BlackFideId "4100123"]
[EventDate "2019.01.08"]

1. d4 Nf6 2. Nf3 g6 3. Bg5 Bg7 4. Nbd2 d6 5. c3 c5 6. e4 cxd4 7. cxd4 Qa5 8. Bd3
Bg4 9. O-O Nc6 10. Be3 O-O 11. a3 Rac8 12. h3 Bxf3 13. Nxf3 Nd7 14. Rc1 a6 15.
Qb3 b5 16. Rfd1 e5 17. Qd5 exd4 18. Nxd4 Nxd4 19. Rxc8 Rxc8 20. Bxd4 Ne5 21. Bf1
Qa4 22. Bc3 Nc6 23. Bxg7 Kxg7 24. Be2 Ne5 25. Rd4 Qc2 26. Qxd6 Re8 27. Rd2 Qxe4
28. Qd4 Qxd4 29. Rxd4 Rc8 30. f4 Rc1+ 31. Kf2 Nc6 32. Rd6 Kf8 33. Bf3 Na5 34.
Rxa6 Nc4 35. b3 Rc2+ 36. Kg3 Nd2 37. Bd5 Nxb3 38. Ra7 Nd4 39. Rxf7+ Ke8 40. Rxh7
Rc3+ 41. Kh2 Rxa3 42. Bf7+ Ke7 43. Bxg6+ Kf6 44. Be4 b4 45. g4 Ra2+ 46. Kg3 Ne2+
47. Kf3 Ng1+ 48. Ke3 b3 49. Bd5 Ra5 50. Bxb3 Ra3 51. Kf2 1-0

[Event "PRO League Group Stage"]
[Site "chess.com INT"]
[Date "2019.02.14"]
[Round "6"]
[White "Jobava, Baadur"]
[Black "Meshkovs, Nikita"]
[Result "1-0"]
[WhiteTitle "GM"]
[BlackTitle "GM"]
[WhiteElo "2629"]
[BlackElo "2557"]
[WhiteTeam "Tbilisi Gentlemen"]
[BlackTeam "Estonia Horses"]
[WhiteFideId "13601520"]
[BlackFideId "11602740"]
[EventDate "2019.01.08"]

1. d4 Nf6 2. c4 e6 3. Nc3 Bb4 4. e3 O-O 5. Bd3 d5 6. cxd5 exd5 7. Ne2 Re8 8. Bd2
b6 9. Rc1 Bb7 10. O-O Bf8 11. f3 c5 12. Kh1 Nc6 13. a3 Rc8 14. Bf5 Rc7 15. dxc5
bxc5 16. Be1 g6 17. Bh3 Bc8 18. Bxc8 Rxc8 19. Bh4 Be7 20. Rc2 d4 21. Rd2 Nd5 22.
Nxd5 Bxh4 23. e4 Ne5 24. Qa4 d3 25. Nec3 c4 26. Qxa7 Be7 27. Qa4 Kg7 28. Qd1 Bc5
29. f4 Nc6 30. Qg4 h5 31. Qg3 Bd4 32. h3 Qd6 33. e5 Qe6 34. Nf6 Rh8 35. Nce4 Ne7
36. Ng5 Qf5 37. Nfe4 Bxe5 38. Qf2 Bf6 39. Nd6 Qc5 40. Qxc5 Rxc5 41. Ndxf7 Bxg5
42. Nxg5 Rc6 43. b3 Ra8 44. bxc4 Rxa3 45. c5 Nf5 46. Rf3 Kf6 47. Rfxd3 Rxd3 48.
Rxd3 h4 49. Rd7 Ne7 50. Kh2 Rc8 51. Rb7 Rc6 52. Rb6 Kf5 53. Rb7 Kxf4 54. Nf3 Nf5
55. Rb4+ Ke3 56. Rc4 Kd3 57. Ne5+ 1-0

[Event "PRO League Group Stage"]
[Site "chess.com INT"]
[Date "2019.02.14"]
[Round "6"]
[White "Jojua, Davit"]
[Black "Ehlvest, Jaan"]
[Result "0-1"]
[WhiteTitle "GM"]
[BlackTitle "GM"]
[WhiteElo "2588"]
[BlackElo "2521"]
[WhiteTeam "Tbilisi Gentlemen"]
[BlackTeam "Estonia Horses"]
[WhiteFideId "13602543"]
[BlackFideId "4500016"]
[EventDate "2019.01.08"]

1. d4 Nf6 2. c4 d6 3. Nf3 Nbd7 4. Nc3 g6 5. g3 Bg7 6. Bg2 O-O 7. O-O e5 8. e4 c6
9. h3 Qb6 10. Re1 exd4 11. Nxd4 Ne8 12. Nb3 a5 13. Be3 Qb4 14. Nd4 a4 15. a3 Qa5
16. Qc2 Nef6 17. Rad1 Re8 18. f4 Nc5 19. Bf2 Nfd7 20. g4 Nb6 21. Bf1 Ne6 22. Qd2
Nc5 23. Qc2 Be6 24. Nxe6 Nxe6 25. f5 Nc5 26. Rxd6 Nbd7 27. Rdd1 Ne5 28. Kg2 Nb3
29. Be3 Bf8 30. Qf2 Bc5 31. f6 h6 32. Qf4 Bxe3 33. Rxe3 Kh7 34. g5 Rad8 35. Qh4
h5 36. Ree1 Nd4 37. Qf2 Ndf3 38. Re3 Rxd1 39. Nxd1 Nxg5 40. Rg3 Nxe4 0-1

[Event "PRO League Group Stage"]
[Site "chess.com INT"]
[Date "2019.02.14"]
[Round "6"]
[White "Burg, Twan"]
[Black "Pantsulaia, Levan"]
[Result "1-0"]
[WhiteTitle "GM"]
[BlackTitle "GM"]
[WhiteElo "2514"]
[BlackElo "2597"]
[WhiteTeam "Estonia Horses"]
[BlackTeam "Tbilisi Gentlemen"]
[WhiteFideId "1010697"]
[BlackFideId "13602071"]
[EventDate "2019.01.08"]

1. e4 c6 2. d4 d5 3. exd5 cxd5 4. Bd3 Nc6 5. c3 Nf6 6. Bf4 g6 7. Nf3 Bf5 8. Bxf5
gxf5 9. Ne5 e6 10. Nd2 Bg7 11. O-O O-O 12. Qe2 Ne7 13. h3 Ng6 14. Bh2 Ne4 15.
Nd3 Qb6 16. Kh1 Rac8 17. Nf3 Qa6 18. Kg1 Rfe8 19. Rfe1 Qb5 20. a3 a6 21. a4 Qb6
22. a5 Qb5 23. Nde5 Qxe2 24. Rxe2 Red8 25. Nd3 Rc6 26. Ra3 Rdc8 27. Rb3 Rc4 28.
Rxb7 Ra4 29. Bc7 Bf8 30. Nfe5 Nxe5 31. dxe5 d4 32. f3 Ng3 33. Rc2 f4 34. Kf2 Nf5
35. b3 Ra1 36. cxd4 Nxd4 37. Rc4 Ra2+ 38. Kg1 Nf5 39. Nxf4 Ne3 40. Re4 Bc5 41.
Nd3 Ra1+ 42. Kf2 Ra2+ 43. Kg1 Ra1+ 44. Kf2 Ra2+ 45. Ke1 Nxg2+ 46. Kd1 Be3 47.
Nb4 Rd2+ 48. Kc1 h5 49. Rxe3 Rd7 50. Rc3 Nf4 51. Rc4 Nxh3 52. Nxa6 Ng1 53. Rb8
Rxb8 54. Nxb8 Rd3 55. Kc2 Rxf3 56. Bb6 Rf1 57. Nd7 Nf3 58. a6 1-0

[Event "PRO League Group Stage"]
[Site "chess.com INT"]
[Date "2019.02.14"]
[Round "6"]
[White "Chukavin, Kirill"]
[Black "Volkov, Nika"]
[Result "1-0"]
[WhiteTitle "FM"]
[WhiteElo "2307"]
[BlackElo "2153"]
[WhiteTeam "Estonia Horses"]
[BlackTeam "Tbilisi Gentlemen"]
[WhiteFideId "4503023"]
[BlackFideId "13604376"]
[EventDate "2019.01.08"]

1. e4 e6 2. d4 d5 3. Nd2 c5 4. exd5 exd5 5. Ngf3 Nf6 6. Bb5+ Nc6 7. O-O Be7 8.
dxc5 Bxc5 9. Nb3 Bb6 10. Re1+ Be6 11. Be3 O-O 12. c3 Ne4 13. Nbd4 Rc8 14. Bd3
Bg4 15. h3 Nxd4 16. hxg4 Ne6 17. Bxe4 dxe4 18. Qxd8 Bxd8 19. Nd2 h5 20. Nxe4
hxg4 21. Rad1 b6 22. Rd7 a5 23. Red1 f5 24. Nd6 Rc6 25. Nb5 f4 26. Nd4 fxe3 27.
Nxc6 exf2+ 28. Kf1 Bh4 29. Ne7+ Kh7 30. R1d5 Nf4 31. Re5 Bf6 32. Re4 Nxg2 33.
Kxg2 Bxe7 34. Kf1 Bc5 35. b4 g3 36. Rh4+ Kg6 37. Rg4+ Kh6 38. bxc5 bxc5 39. Rxg3
g6 40. Rd2 Kg7 41. Rxf2 Rb8 42. Kg2 Rb1 43. Rg5 Rb5 44. c4 1-0

[Event "PRO League Group Stage"]
[Site "chess.com INT"]
[Date "2019.02.14"]
[Round "6"]
[White "Agrest, Inna"]
[Black "Duda, Jan-Krzysztof"]
[Result "0-1"]
[WhiteTitle "WIM"]
[BlackTitle "GM"]
[WhiteElo "2275"]
[BlackElo "2738"]
[WhiteTeam "Baden-Baden Snowballs"]
[BlackTeam "Cannes Blitzstreams"]
[WhiteFideId "1708830"]
[BlackFideId "1170546"]
[EventDate "2019.01.08"]

1. e4 e5 2. Nf3 Nf6 3. Nxe5 d6 4. Nf3 Nxe4 5. Nc3 Nxc3 6. dxc3 Nd7 7. Bf4 Be7 8.
Qd2 O-O 9. O-O-O Nc5 10. Kb1 Bf6 11. Nd4 Ne4 12. Qe3 Re8 13. Qf3 Bd7 14. Bd3 d5
15. Bxe4 Rxe4 16. Rhe1 c5 17. Nb3 Qe8 18. Rxe4 dxe4 19. Qe3 b6 20. Nd2 Bc6 21.
Re1 Rd8 22. a3 Qe6 23. f3 exf3 24. Qxe6 fxe6 25. Nxf3 Bxf3 26. gxf3 Kf7 27. Kc1
b5 28. Re4 c4 29. Be3 a6 30. Bd4 Bg5+ 31. f4 Be7 32. Kd2 Rd5 33. Re5 Bd6 34. Re4
g5 35. Ke2 gxf4 36. Kf3 e5 37. Bf2 Kg6 38. Re2 Kf5 39. a4 bxa4 40. Re4 Rd2 41.
Rxc4 e4+ 0-1

[Event "PRO League Group Stage"]
[Site "chess.com INT"]
[Date "2019.02.14"]
[Round "6"]
[White "Keymer, Vincent"]
[Black "Lagarde, Maxime"]
[Result "1/2-1/2"]
[WhiteTitle "IM"]
[BlackTitle "GM"]
[WhiteElo "2500"]
[BlackElo "2604"]
[WhiteTeam "Baden-Baden Snowballs"]
[BlackTeam "Cannes Blitzstreams"]
[WhiteFideId "12940690"]
[BlackFideId "662399"]
[EventDate "2019.01.08"]

1. d4 Nc6 2. Nf3 d6 3. c4 e5 4. Nc3 exd4 5. Nxd4 g6 6. e4 Bg7 7. Be3 Nge7 8. Be2
O-O 9. O-O f5 10. Qd2 Kh8 11. Nxc6 Nxc6 12. Bg5 Qe8 13. Bd3 Qf7 14. Nd5 Ne5 15.
exf5 Bxf5 16. Be2 Rae8 17. Rae1 Be4 18. f3 Bxd5 19. Qxd5 Qxd5 20. cxd5 Nf7 21.
Bc1 Bd4+ 22. Kh1 Re5 23. Bc4 Rfe8 24. Rd1 Bb6 25. Bd2 Kg8 26. f4 Rh5 27. Rfe1
Rxe1+ 28. Rxe1 Nh6 29. Be2 Rf5 30. Bf3 Bd4 31. g4 Rf7 32. f5 Kg7 33. b3 gxf5 34.
g5 Ng4 35. Kg2 Ne5 36. Bh5 Rf8 37. Bf4 Ng6 38. Bxg6 hxg6 39. Re7+ Rf7 40. Re6
Rd7 41. h4 Kf7 42. h5 gxh5 43. Kh3 c6 44. g6+ Kg7 45. Kh4 Be5 46. Bxe5+ dxe5 47.
dxc6 bxc6 48. Kxh5 f4 49. Rxe5 f3 50. Kg4 f2 51. Rf5 Rd2 52. Kg3 Rxa2 53. Rxf2
Rxf2 54. Kxf2 Kxg6 55. Ke3 Kf6 56. Kd4 Ke6 57. Kc5 Kd7 58. b4 Kc7 59. b5 cxb5
60. Kxb5 Kb7 61. Ka5 1/2-1/2

[Event "PRO League Group Stage"]
[Site "chess.com INT"]
[Date "2019.02.14"]
[Round "6"]
[White "Maze, Sebastien"]
[Black "Alekseenko, Kirill"]
[Result "0-1"]
[WhiteTitle "GM"]
[BlackTitle "GM"]
[WhiteElo "2596"]
[BlackElo "2637"]
[WhiteTeam "Cannes Blitzstreams"]
[BlackTeam "Baden-Baden Snowballs"]
[WhiteFideId "613762"]
[BlackFideId "4135539"]
[EventDate "2019.01.08"]

1. e4 e5 2. Nf3 Nc6 3. Nc3 Nf6 4. Bb5 Bd6 5. d3 h6 6. a3 O-O 7. g4 Be7 8. g5
hxg5 9. Bxg5 Nd4 10. Rg1 Nxb5 11. Nxb5 c6 12. Bh6 Ne8 13. Qd2 Bf6 14. Nd6 Nxd6
15. Bxg7 Bxg7 16. Qh6 Ne8 17. Rxg7+ Nxg7 18. O-O-O f6 19. Rg1 Rf7 20. Nh4 d6 21.
Ng6 Rd7 22. f4 exf4 23. Nxf4 Qb6 24. Rg3 Qf2 25. Kb1 Qd2 26. Rg2 Qe3 27. Rg3
Qe1+ 28. Ka2 Qc1 29. Qh4 Re7 30. Ng6 Be6+ 31. c4 Bxc4+ 32. dxc4 Qxc4+ 33. Kb1
Rxe4 34. Qh8+ Kf7 35. Ne5+ Rxe5 36. Rxg7+ Ke6 37. Qh3+ Kd5 38. Rg1 Qe4+ 39. Ka1
c5 40. Qd7 Kd4 41. Qxd6+ Rd5 42. Qxf6+ Kc4 43. Qf1+ Qd3 44. Qc1+ Kb5 45. Re1
Rad8 46. Qf4 Qc4 47. Qf3 Kb6 48. Qf6+ R8d6 49. Qf3 Rd3 50. Qh5 Qb3 51. Qg4 Rd1+ 0-1

[Event "PRO League Group Stage"]
[Site "chess.com INT"]
[Date "2019.02.14"]
[Round "6"]
[White "Droin, Augustin"]
[Black "Meier, Georg"]
[Result "0-1"]
[BlackTitle "GM"]
[WhiteElo "2099"]
[BlackElo "2623"]
[WhiteTeam "Cannes Blitzstreams"]
[BlackTeam "Baden-Baden Snowballs"]
[WhiteFideId "45105987"]
[BlackFideId "4675789"]
[EventDate "2019.01.08"]

1. e4 e6 2. d4 d5 3. Nc3 Nf6 4. Bg5 dxe4 5. Nxe4 Nbd7 6. Nf3 Be7 7. Bxf6 Nxf6 8.
Bd3 Nxe4 9. Bxe4 c5 10. dxc5 Bxc5 11. Qxd8+ Kxd8 12. c3 Ke7 13. Ke2 f5 14. Bd3
Bd7 15. Rhe1 Rhd8 16. Ne5 Be8 17. Rad1 Rd5 18. Nc4 Rad8 19. Ne3 R5d6 20. b4 Bxe3
21. Kxe3 Ba4 22. Rd2 f4+ 23. Ke2 Rxd3 24. Rxd3 Bb5 25. Rd1 e5 26. f3 Ke6 27. a4
Bc4 28. g3 g5 29. g4 e4 30. fxe4 Ke5 0-1

[Event "PRO League Group Stage"]
[Site "chess.com INT"]
[Date "2019.02.14"]
[Round "6"]
[White "Van der Lende, Ilias"]
[Black "Borisek, Jure"]
[Result "0-1"]
[WhiteTitle "FM"]
[BlackTitle "GM"]
[WhiteElo "2334"]
[BlackElo "2584"]
[WhiteTeam "Amsterdam Mosquitoes"]
[BlackTeam "Ljubljana Turtles"]
[WhiteFideId "1019260"]
[BlackFideId "14603152"]
[EventDate "2019.01.08"]

1. d4 f5 2. Nf3 Nf6 3. g3 g6 4. Bg2 Bg7 5. b3 O-O 6. Bb2 a5 7. O-O a4 8. c4 c6
9. Nbd2 d6 10. Re1 Na6 11. bxa4 Ne4 12. Nxe4 fxe4 13. Nd2 d5 14. cxd5 cxd5 15.
Nb3 Nb4 16. Bc3 Nc6 17. a5 h5 18. f3 exf3 19. exf3 Qd6 20. f4 Bf5 21. Nc5 Ra7
22. Qd2 Rc8 23. Rac1 e6 24. h3 Rc7 25. Nb3 Ra8 26. Qe2 Rac8 27. g4 hxg4 28. hxg4
Be4 29. Bxe4 dxe4 30. Qxe4 Qd5 31. Qxe6+ Qxe6 32. Rxe6 Nxd4 33. Nxd4 Bxd4+ 34.
Bxd4 Rxc1+ 35. Kf2 R1c6 36. Re7 R8c7 37. Rxc7 Rxc7 38. f5 gxf5 39. gxf5 Rc2+ 40.
Ke3 Rxa2 41. Bc3 Ra4 42. f6 Kf7 43. Kd3 Ke6 44. Kc2 Kd5 45. Kb3 Rf4 46. Bb2 Kc5
47. Bc3 Rf3 48. Kc2 Kc4 49. Be5 Rf5 50. Bc7 Rf2+ 51. Kc1 Rxf6 52. Bb6 Kc3 53.
Kb1 Kb3 54. Kc1 Rd6 55. Ba7 Kb4 56. Bb6 Kb5 57. Kc2 Kb4 58. Kb2 Rd2+ 59. Kc1 Rg2
60. Kd1 Kc3 61. Bc7 Rg1+ 62. Ke2 Kc2 63. Bb6 Rg5 64. Ke3 Rd5 65. Ke4 Rd1 66. Bd4
Kb3 67. Bb6 Kc4 68. Ke3 Kb5 69. Ke2 Rd6 70. Bc7 Rc6 71. Bd8 Re6+ 72. Kf3 Ra6 73.
Ke3 Rxa5 74. Bxa5 Kxa5 75. Kd3 Kb4 76. Kc2 Ka3 77. Kc1 Kb3 78. Kb1 b5 79. Ka1
Ka3 80. Kb1 b4 81. Kc2 Ka2 0-1

[Event "PRO League Group Stage"]
[Site "chess.com INT"]
[Date "2019.02.14"]
[Round "6"]
[White "Vrolijk, Liam"]
[Black "Sebenik, Matej"]
[Result "1/2-1/2"]
[WhiteTitle "IM"]
[BlackTitle "GM"]
[WhiteElo "2433"]
[BlackElo "2540"]
[WhiteTeam "Amsterdam Mosquitoes"]
[BlackTeam "Ljubljana Turtles"]
[WhiteFideId "1048333"]
[BlackFideId "14602296"]
[EventDate "2019.01.08"]

1. d4 Nf6 2. c4 e6 3. Nf3 d5 4. g3 Be7 5. Bg2 O-O 6. O-O dxc4 7. Qc2 a6 8. a4
Bd7 9. Bg5 Bc6 10. Nc3 Bxf3 11. Bxf3 Nc6 12. Bxc6 bxc6 13. Rfd1 Rb8 14. a5 Nd7
15. Bxe7 Qxe7 16. Ra4 Rb4 17. Na2 Rxa4 18. Qxa4 Rb8 19. Qxc6 Qd6 20. Qxc4 Rxb2
21. Rc1 Qa3 22. Rc2 Rxc2 23. Qxc2 Qxa5 24. Nc3 h6 25. Kg2 Nb6 26. e4 Qb4 27. d5
Qc4 28. dxe6 Qxe6 29. Qd3 Qc4 30. Qxc4 Nxc4 31. Nd5 a5 32. Nxc7 a4 33. Nb5 Nd6
34. Nc3 a3 35. Kf3 Nb5 36. Na2 f6 37. Ke3 Kf7 38. Kd3 Ke6 39. Kc4 Nd6+ 40. Kd4
f5 41. exf5+ Kxf5 42. f3 Nf7 43. Ke3 Ke5 44. Kd3 Kf5 45. Ke3 Nd6 46. Kd4 Nf7 47.
Ke3 1/2-1/2

[Event "PRO League Group Stage"]
[Site "chess.com INT"]
[Date "2019.02.14"]
[Round "6"]
[White "Markoja, Boris"]
[Black "Spoelman, Wouter"]
[Result "0-1"]
[WhiteTitle "IM"]
[BlackTitle "GM"]
[WhiteElo "2442"]
[BlackElo "2578"]
[WhiteTeam "Ljubljana Turtles"]
[BlackTeam "Amsterdam Mosquitoes"]
[WhiteFideId "14608502"]
[BlackFideId "1010891"]
[EventDate "2019.01.08"]

1. Nf3 d5 2. c4 c6 3. d4 Nf6 4. g3 e6 5. Bg2 Nbd7 6. Qc2 b6 7. O-O Bb7 8. Bf4
Be7 9. cxd5 exd5 10. Ne5 Rc8 11. Nc3 O-O 12. Rad1 Re8 13. Qa4 a5 14. Qb3 Nf8 15.
e4 Ne6 16. exd5 Nxd5 17. Bc1 Bf6 18. f4 Qc7 19. Ne4 Be7 20. f5 Nxd4 21. Rxd4
Qxe5 22. Rdd1 Rcd8 23. Kh1 Ba6 24. Rf2 Nf6 25. Bf4 Rxd1+ 26. Qxd1 Nxe4 27. Rf3
Qxf5 0-1

[Event "PRO League Group Stage"]
[Site "chess.com INT"]
[Date "2019.02.14"]
[Round "6"]
[White "Stevanic, David"]
[Black "Van Foreest, Jorden"]
[Result "0-1"]
[WhiteTitle "FM"]
[BlackTitle "GM"]
[WhiteElo "2304"]
[BlackElo "2612"]
[WhiteTeam "Ljubljana Turtles"]
[BlackTeam "Amsterdam Mosquitoes"]
[WhiteFideId "14613921"]
[BlackFideId "1039784"]
[EventDate "2019.01.08"]

1. e4 e6 2. d4 d5 3. Nc3 Nf6 4. e5 Nfd7 5. f4 c5 6. Nf3 Nc6 7. Be3 cxd4 8. Nxd4
Qb6 9. Qd2 Qxb2 10. Rb1 Qa3 11. Bb5 Nxd4 12. Bxd4 a6 13. Bxd7+ Bxd7 14. Rxb7 Bb4
15. O-O Rc8 16. Rf3 Rc4 17. Rb8+ Bc8 18. Qd1 Qa5 19. Nb1 Qc7 20. Rxb4 Rxb4 21.
c3 Rb2 22. f5 exf5 23. Rg3 O-O 24. Qc1 f4 25. Rxg7+ Kxg7 26. Qxb2 Bf5 27. Nd2
Rb8 28. Nb3 Qc6 29. Qd2 Qh6 30. e6+ f6 31. Bc5 Bxe6 32. Bd6 Re8 33. Bxf4 Qg6 34.
Nc5 Bc8 35. Qxd5 Qb1+ 36. Kf2 Qe1+ 37. Kf3 Qe2+ 38. Kg3 Qg4+ 39. Kf2 Qxf4+ 0-1

[Event "PRO League Group Stage"]
[Site "chess.com INT"]
[Date "2019.02.14"]
[Round "6"]
[White "Berger, Steve"]
[Black "Forcen Esteban, Daniel"]
[Result "0-1"]
[WhiteTitle "IM"]
[BlackTitle "GM"]
[WhiteElo "2435"]
[BlackElo "2567"]
[WhiteTeam "Berlin Bears"]
[BlackTeam "Barcelona Raptors"]
[WhiteFideId "4644786"]
[BlackFideId "2288230"]
[EventDate "2019.01.08"]

1. e4 e5 2. Nf3 Nc6 3. Bb5 a6 4. Ba4 Nf6 5. d3 d6 6. Bxc6+ bxc6 7. O-O c5 8. Re1
g6 9. c3 Bg7 10. a3 O-O 11. b4 Nd7 12. Be3 Qe7 13. Nbd2 f5 14. Nb3 f4 15. Bc1 g5
16. Nfd2 Nb6 17. bxc5 dxc5 18. a4 Be6 19. a5 Nd7 20. Ba3 g4 21. d4 Qh4 22. d5 g3
23. fxg3 fxg3 24. hxg3 Qxg3 25. Qe2 Bg4 26. Nf1 Qh4 27. g3 Qg5 28. Qd2 Qg6 29.
Nxc5 Rf3 30. Nxd7 Bxd7 31. Re3 Bh6 32. Rxf3 Bxd2 33. Nxd2 Qg5 34. Nf1 Bg4 35.
Rf2 Bh3 36. Raa2 Rb8 37. Rf3 Rb1 38. Raf2 Rxf1+ 39. Rxf1 Bxf1 40. Kxf1 Qd2 41.
Bb4 Kg7 42. g4 Kg6 43. Be7 Qd1+ 44. Kf2 Qc2+ 45. Kg3 h6 46. Rf6+ Kg7 47. Re6
Qxe4 48. Bf6+ Kf7 49. Bxe5 Qxd5 50. Rf6+ Ke7 51. Bd4 c5 52. Rf5 Qd6+ 53. Be5
Qd3+ 54. Kh4 Qd2 55. Kh5 c4 56. Bg7 Qh2+ 57. Kg6 Qg3 58. Rf7+ Ke8 59. Rf8+ Kd7
60. Rf7+ Kc6 61. Bxh6 Qxg4+ 62. Bg5 Kb5 63. Rf5+ Ka4 64. Rc5 Kb3 65. Rc6 Qe4+ 0-1

[Event "PRO League Group Stage"]
[Site "chess.com INT"]
[Date "2019.02.14"]
[Round "6"]
[White "Baldauf, Marco"]
[Black "Asis Gargatagli, Hipolito"]
[Result "1-0"]
[WhiteTitle "IM"]
[BlackTitle "IM"]
[WhiteElo "2485"]
[BlackElo "2529"]
[WhiteTeam "Berlin Bears"]
[BlackTeam "Barcelona Raptors"]
[WhiteFideId "4688210"]
[BlackFideId "2260735"]
[EventDate "2019.01.08"]

1. c4 g6 2. e4 Bg7 3. d4 d6 4. Nc3 Nf6 5. f3 O-O 6. Be3 a6 7. Qd2 Nbd7 8. Nh3 c5
9. Nf2 cxd4 10. Bxd4 b6 11. Be2 Bb7 12. O-O Rc8 13. Rac1 e6 14. Rfd1 Rc6 15. Be3
Ne5 16. b3 Qe7 17. f4 Ned7 18. Bf3 Rfc8 19. e5 dxe5 20. Bxc6 Bxc6 21. fxe5 Nxe5
22. Bxb6 Bxg2 23. Kxg2 Qb7+ 24. Kf1 Qxb6 25. Qd6 Nc6 26. Qf4 Nh5 27. Qe4 Ne5 28.
c5 Qb8 29. Na4 f5 30. Qe3 Rf8 31. c6 Ng4 32. Qxe6+ Kh8 33. c7 Qb5+ 34. Rc4 Nf4
35. c8=Q Nxe6 36. Qxe6 Nxh2+ 37. Kg2 Ng4 38. Nxg4 fxg4 39. Qxg4 h5 40. Qxg6 Rg8
41. Kh1 Qb7+ 42. Rc6 Qb5 43. Rc5 Qb7+ 44. Rdd5 Bf8 45. Qxh5+ Kg7 46. Qg5+ Kh8
47. Qh5+ Kg7 48. Rc4 1-0

[Event "PRO League Group Stage"]
[Site "chess.com INT"]
[Date "2019.02.14"]
[Round "6"]
[White "Diaz Camallonga, Carles"]
[Black "Bezold, Michael"]
[Result "0-1"]
[WhiteTitle "IM"]
[BlackTitle "GM"]
[WhiteElo "2432"]
[BlackElo "2487"]
[WhiteTeam "Barcelona Raptors"]
[BlackTeam "Berlin Bears"]
[WhiteFideId "22235256"]
[BlackFideId "4601718"]
[EventDate "2019.01.08"]

1. e4 d6 2. d4 Nf6 3. Nc3 c6 4. Nf3 Bg4 5. h3 Bh5 6. Be2 e6 7. O-O d5 8. e5 Nfd7
9. Ng5 Bg6 10. f4 Be7 11. Nf3 c5 12. Be3 Nc6 13. Kh1 O-O 14. dxc5 Nxc5 15. Nd4
Nxd4 16. Bxd4 Rc8 17. Bh5 a6 18. Bxg6 fxg6 19. Qg4 Rf5 20. Nd1 Qd7 21. Ne3 Rf7
22. Rad1 Qc6 23. c4 dxc4 24. Nxc4 Ne4 25. Nd2 Nxd2 26. Rxd2 Rcf8 27. Bc3 b5 28.
Rdf2 Qc4 29. a3 Rf5 30. Rf3 Rd8 31. Qg3 Rdf8 32. Qg4 Bc5 33. Kh2 Qe4 34. Qg3 Be7
35. Qg4 Qc4 36. R1f2 Bc5 37. Rf1 Be3 38. Kh1 Rxf4 39. Rxf4 Rxf4 40. Rxf4 Bxf4
41. Qf3 h6 42. Kg1 Qc5+ 43. Kf1 Bxe5 44. Bxe5 Qxe5 45. Qa8+ Kh7 46. Qxa6 Qxb2
47. Kg1 Qa1+ 48. Kh2 b4 49. Qxe6 bxa3 50. h4 Qf6 51. Qc4 Qb2 52. Qe4 h5 0-1

[Event "PRO League Group Stage"]
[Site "chess.com INT"]
[Date "2019.02.14"]
[Round "6"]
[White "Alvarado Diaz, Alejandro"]
[Black "Braun, Arik"]
[Result "0-1"]
[WhiteTitle "IM"]
[BlackTitle "GM"]
[WhiteElo "2388"]
[BlackElo "2598"]
[WhiteTeam "Barcelona Raptors"]
[BlackTeam "Berlin Bears"]
[WhiteFideId "2276119"]
[BlackFideId "4663527"]
[EventDate "2019.01.08"]

1. g3 Nf6 2. Bg2 d5 3. f4 c5 4. Nf3 Nc6 5. d3 g6 6. O-O Bg7 7. c3 O-O 8. Qc2 d4
9. e4 dxe3 10. Bxe3 Qd6 11. Na3 Ng4 12. Rfe1 Bf5 13. Rad1 Nxe3 14. Rxe3 Rfd8 15.
Qe2 Qd7 16. Ng5 Bg4 17. Bf3 Bxf3 18. Nxf3 e6 19. Nc4 b5 20. Ncd2 Qd5 21. a3 Ne7
22. g4 a5 23. Ne5 Qb7 24. Rh3 Qc7 25. Nxf7 Kxf7 26. Rxh7 Rh8 27. Ne4 Rxh7 28.
Ng5+ Ke8 29. Nxh7 Ra6 30. Ng5 Kd7 31. d4 cxd4 32. Qxb5+ Qc6 33. Qd3 Rb6 34. b4
axb4 35. axb4 Ke8 36. Ne4 Nd5 37. b5 Qc7 38. f5 Qf4 39. c4 Qxg4+ 40. Ng3 Nf4 41.
Qf1 gxf5 42. c5 Rb8 43. b6 d3 44. Kh1 Bd4 45. Rxd3 Nxd3 46. Qxd3 Kf7 47. Qa3 Kf6
48. c6 Bxb6 49. Qd6 Qf3# 0-1

[Event "PRO League Group Stage"]
[Site "chess.com INT"]
[Date "2019.02.14"]
[Round "6"]
[White "Maurizzi, Marc Andria"]
[Black "Neiksans, Arturs"]
[Result "1/2-1/2"]
[WhiteTitle "CM"]
[BlackTitle "GM"]
[WhiteElo "2028"]
[BlackElo "2552"]
[WhiteTeam "Marseille Migraines"]
[BlackTeam "Norway Gnomes"]
[WhiteFideId "36083534"]
[BlackFideId "11601388"]
[EventDate "2019.01.08"]

1. e4 c5 2. Nf3 e6 3. d4 cxd4 4. Nxd4 Nc6 5. Nc3 Qc7 6. Be3 a6 7. a3 b5 8. Nxc6
dxc6 9. Qg4 Nf6 10. Qg3 Qxg3 11. hxg3 e5 12. f3 Be6 13. g4 Nd7 14. a4 Rc8 15.
axb5 axb5 16. Be2 Bc5 17. Kf2 Ke7 18. g5 Bxe3+ 19. Kxe3 f6 20. gxf6+ Kxf6 21.
Ra6 Ke7 22. Rha1 Rc7 23. Ra7 Rxa7 24. Rxa7 Kd6 25. b3 Kc5 26. Ra6 Nb8 27. Ra7
Bd7 28. Rb7 Rd8 29. Nd1 Kd6 30. Nb2 Na6 31. Nd3 Nc5 32. Nxc5 Kxc5 33. c3 h6 34.
b4+ Kd6 35. Ra7 Rf8 36. Ra6 Ke7 37. Ra7 h5 38. Rb7 g5 39. c4 bxc4 40. Bxc4 Kd6
41. b5 cxb5 42. Bxb5 Bxb5 43. Rxb5 Rc8 44. Rb6+ Rc6 45. Rb2 Ke6 46. Kf2 Kf6 47.
Kg1 g4 48. Rb3 Kg5 49. Kh2 Rc4 50. Rb8 Kf4 51. Rf8+ Ke3 52. Rf5 Rc2 53. Kg3 h4+
54. Kxh4 Rxg2 55. fxg4 Kxe4 56. Rf8 Kd3 57. g5 e4 58. Rd8+ Ke3 59. Kh5 Kf4 60.
Rf8+ Ke5 61. Kh6 Rh2+ 62. Kg7 e3 63. g6 e2 64. Re8+ Kd4 65. Kf7 Rf2+ 66. Kg8 Kd3
67. g7 Kd2 68. Rxe2+ Kxe2 69. Kh7 Rh2+ 70. Kg6 Rg2+ 71. Kf7 Rxg7+ 72. Kxg7 1/2-1/2